Learning Resource and Development

Introduction of management (Record no. 3437)

MARC details
000 -LEADER
fixed length control field 00775nam a22002537a 4500
005 - DATE AND TIME OF LATEST TRANSACTION
control field 20230512221845.0
008 - FIXED-LENGTH DATA ELEMENTS--GENERAL INFORMATION
fixed length control field 180418t xxu||||| |||| 00| 0 eng d
020 ## - INTERNATIONAL STANDARD BOOK NUMBER
International Standard Book Number 9789814416511
040 ## - CATALOGING SOURCE
Transcribing agency CSPC
082 0# - DEWEY DECIMAL CLASSIFICATION NUMBER
Classification number 658
Item number D853i
100 ## - MAIN ENTRY--PERSONAL NAME
Personal name Dubrin, Andrew J.,
Relator term author.
245 00 - TITLE STATEMENT
Title Introduction of management
Statement of responsibility, etc. Andrew J. Dubrin
250 ## - EDITION STATEMENT
Remainder of edition statement Philippine edition
Edition statement 9th
260 ## - PUBLICATION, DISTRIBUTION, ETC.
Place of publication, distribution, etc. Singapore :
Name of publisher, distributor, etc. Cengage Learning,
Date of publication, distribution, etc. 2012.
300 ## - PHYSICAL DESCRIPTION
Extent 703 pages :
Other physical details figures ;
Dimensions 23 cm.
500 ## - GENERAL NOTE
General note Includes Index.
650 10 - SUBJECT ADDED ENTRY--TOPICAL TERM
Topical term or geographic name entry element Management.
650 10 - SUBJECT ADDED ENTRY--TOPICAL TERM
Topical term or geographic name entry element Industrial management.
700 1# - ADDED ENTRY--PERSONAL NAME
Personal name Dubrin, Andrew J.,
Relator term author.
940 ## - EQUIVALENCE OR CROSS-REFERENCE--UNIFORM TITLE [OBSOLETE] [CAN/MARC only]
Uniform title <a href="123">123</a>
942 ## - ADDED ENTRY ELEMENTS (KOHA)
Koha item type
-- CIR 658 D853i 2012
Holdings
Withdrawn status Lost status Damaged status Not for loan Home library Current library Shelving location Date acquired Total Checkouts Full call number Barcode Date last seen Copy number Price effective from Koha item type
        Main Library Main Library Circulation Section 05/12/2023   CIR 658 D853i 2012 016377 05/12/2023 1-5 05/12/2023 Books
        Main Library Main Library Circulation Section 05/12/2023   CIR 658 D853i 2012 016378 05/12/2023 2-5 05/12/2023 Books
        Main Library Main Library Circulation Section 05/12/2023   CIR 658 D853i 2012 016379 05/12/2023 3-5 05/12/2023 Books
        Main Library Main Library Circulation Section 05/12/2023   CIR 658 D853i 2012 016380 05/12/2023 4-5 05/12/2023 Books
        Main Library Main Library Circulation Section 05/12/2023   CIR 658 D853i 2012 016381 05/12/2023 5-5 05/12/2023 Books